00379nam a22001337a 4500003000400000005001700004008004100021040000800062050001900070082001900089245008900108260003800197300001000235OSt20260617100448.0260617b |||||||| |||| 00| 0 eng d cDLC a225.9bSCH378P a225.9bSCH378P aPaul, Apostle of God's glory in Christ:bA Pauline Theology/cby Thomas R. Schreiner aUSA:bInter Varsity Press,c2001. a504p.